| 000 | 00619nam a22001937a 4500 | ||
|---|---|---|---|
| 003 | koha_MIRAKIL | ||
| 005 | 20250520135924.0 | ||
| 008 | 250520b tur||||| |||| 00| 0 tur d | ||
| 020 | _a9786257537568 | ||
| 040 |
_aTR-IsEVY _btur _cTR-IsEVY |
||
| 082 | _aFIC KAS/E | ||
| 100 | _aKasparavicius, Kestutis | ||
| 245 | 0 |
_aEvrenin koruyucu balıkları / _cKestutis Kasparavicius. |
|
| 260 |
_aİstanbul : _bYeni İnsan Yayınevi, _c2022. |
||
| 300 |
_a32 s. : _brenkli resimli ; _c24 cm. |
||
| 490 | 0 |
_aFide Serisi ; _v54. |
|
| 650 |
_aÇocuk Edebiyatı. _vResimli Kitaplar. _vDenizler. _vHayal Gücü. |
||
| 942 |
_2ddc _cBK |
||
| 999 |
_c22312 _d22312 |
||